000 00540nam a2200157Ia 4500
003 Ost
005 20260507075659.0
008 260507s9999||||xx |||||||||||||| ||und||
040 _cfsecg
041 _aara
100 _aالخضيري، محسن احمد
_eمؤلف
245 0 _aالعولمة :
_bمقدمة في فكر و اقتصاد و ادارة عصر اللادولة /
_c محسن احمد الخضيري
260 _aالقاهرة:
_bمجموعة النيل العربية,
_c2003
300 _a صفحة؛
942 _cكتاب
999 _c45784
_d45784